| 000 | 01288nam a2200241Ia 4500 | ||
|---|---|---|---|
| 999 |
_c39718 _d39718 |
||
| 001 | 6323 | ||
| 003 | GE_BSU | ||
| 005 | 20191002144406.0 | ||
| 008 | 181216s19 ||||g |||||||||||||| ||geo|| | ||
| 040 | _cGE_BSU | ||
| 041 | _ageo | ||
| 080 | _a821.353.1+821.353.1-32 ბ-27 | ||
| 100 |
_aბარნოვი, ვასილ _94407 |
||
| 245 |
_aთხზულებათა სრული კრებული ათ ტომად ტომი 8 1926-1928 : _bმოთხრობები, რომანები / _cვასილ ბარნოვი ; სარედ. კოლეგია : გიორგი ლეონიძე ; რედ. სიმონ ყუბანეიშვილი, მიხეილ ჩიქოვანი. |
||
| 264 |
_aთბილისი : _bლიტერატურ და ხელოვნება ; _c1963. |
||
| 300 |
_a648 გვ. ; _bფოტო ; _c22 სმ. |
||
| 653 | _aთხზულებანი | ||
| 653 | _aმოთხრობები | ||
| 653 | _aრომანები | ||
| 700 |
_aყუბანეიშვილი, სიმონ _eრედაქტორი _94408 |
||
| 700 |
_aჩიქოვანი, მიხეილ _eრედაქტორი _91226 |
||
| 942 |
_cBK _2udc |
||